[Event "Quebec op U1700"]
[Site "Montreal"]
[Date "2016.07.28"]
[Round "7.19"]
[White "Tremblay, Mario"]
[Black "Pellerin Leclerc, Jonathan"]
[Result "1-0"]
[WhiteElo "1631"]
[BlackElo "1339"]
[PlyCount "91"]
[EventDate "2016.07.23"]
[EventType "swiss"]
[EventRounds "8"]
[EventCountry "CAN"]
[SourceTitle "EXT 2022"]
[Source "ChessBase"]
[SourceDate "2021.10.06"]
[SourceVersion "1"]
[SourceVersionDate "2021.10.06"]
[SourceQuality "1"]

1. e4 e5 2. Nf3 Nf6 3. Nc3 Bb4 4. d3 Nc6 5. Be2 d5 6. exd5 Nxd5 7. Bd2 0-0 8. 0-0 Nxc3 9. bxc3 Bc5 10. Re1 Be6 11. Ng5 h6 12. Nxe6 fxe6 13. Bf3 Qd6 14. Be3 Rad8 15. Be4 Rf6 16. Qh5 Rdf8 17. f3 Bxe3+ 18. Rxe3 Qc5 19. d4 Qb6 20. Bxc6 exd4 21. cxd4 Qxc6 22. c3 Rf5 23. Qg4 Qc4 24. Qe4 Rb5 25. Qxe6+ Qxe6 26. Rxe6 Rb2 27. d5 Rd8 28. c4 Rc2 29. Re4 a6 30. a4 a5 31. Rd1 b6 32. h3 Kf7 33. Rde1 Rd7 34. R1e2 Rxe2 35. Rxe2 Re7 36. Kf2 Kf6 37. Rxe7 Kxe7 38. Ke3 Kd6 39. Kd4 c5+ 40. dxc6 Kxc6 41. f4 Kd6 42. g4 g6 43. f5 g5 44. f6 Ke6 45. f7 Kxf7 46. Kd5 1-0